Campeões da Copa Africana de Nações (CAF) - Statistics

Estatísticas Gerais
  • Esse quiz foi jogado 91 vezes
  • A pontuação média é 24 de 28
Estatísticas das Respostas
Resposta % Correto
África do Sul
99%
Egito
99%
República Árabe Unida
99%
Costa do Marfim
97%
Marrocos
96%
Nigéria
95%
Tunísia
95%
Gana
93%
Rep. Dem. do Congo
92%
Senegal
92%
Senegal
92%
Zaire
92%
Argélia
91%
Camarões
91%
Congo
89%
Zâmbia
87%
Angola
85%
Etiópia
81%
Sudão
81%
Líbia
80%
Guiné
79%
Mali
76%
Gabão
73%
Quênia
73%
Tanzânia
68%
Guiné Equatorial
64%
Uganda
64%
Burkina Faso
63%
Nenhum quiz correspondente encontrado
Distribuição das Pontuações
Porcentagem de Pessoas com Cada Pontuação
Percentil de Números Respondidos
Sua Pontuação Histórica
Você não jogou esse quiz